[Event "Uniagraria AlphaZero op 2nd"]
[Site "Uniagraria"]
[Date "2019.11.11"]
[Round "7"]
[White "Penas Burgos, Nestor"]
[Black "Bautista, Luis Fernando"]
[Result "0-1"]
[WhiteElo "1718"]
[BlackElo "1223"]
[PlyCount "64"]
[EventDate "2019.11.08"]
[EventType "swiss"]
[EventRounds "7"]
[EventCountry "COL"]
[SourceTitle "CBM 193 Extra"]
[Source "ChessBase"]
[SourceDate "2020.01.31"]
[SourceVersion "1"]
[SourceVersionDate "2020.01.31"]
[SourceQuality "1"]

1. e4 c5 2. c3 Nc6 3. Nf3 d6 4. h3 e6 5. d3 Be7 6. Be3 Nf6 7. Be2 b6 8. 0-0 Bb7 9. Nbd2 0-0 10. Re1 Qc7 11. Rc1 Rad8 12. d4 Rfe8 13. a4 Qb8 14. Nh2 a6 15. f4 d5 16. e5 Ne4 17. Bf3 Ng3 18. Ndf1 Nf5 19. Bf2 cxd4 20. cxd4 Qa7 21. g4 Nh4 22. Be2 Ng6 23. Bg3 Nb4 24. f5 Nf8 25. Rc3 Rc8 26. Nf3 a5 27. Rxc8 Rxc8 28. N1d2 b5 29. axb5 Nc2 30. Rf1 Nd7 31. Bf2 Nb4 32. Qb3 Rc2 0-1

[Event "COL-ch U1800"]
[Site "Moniquira"]
[Date "2018.07.21"]
[Round "4"]
[White "Bautista, Luis Fernando"]
[Black "Campos Perilla, Angie Catalina"]
[Result "1/2-1/2"]
[WhiteElo "1600"]
[BlackElo "1263"]
[PlyCount "24"]
[EventDate "2018.07.19"]
[EventType "swiss"]
[EventRounds "7"]
[EventCountry "COL"]
[SourceTitle "CBM 187 Extra"]
[Source "ChessBase"]
[SourceDate "2018.11.04"]
[SourceVersion "1"]
[SourceVersionDate "2018.11.04"]
[SourceQuality "1"]

1. d4 d5 2. Bf4 Nf6 3. e3 e6 4. c3 a6 5. Nd2 c5 6. Ngf3 Nc6 7. Bd3 Bd6 8. Ne5 Qc7 9. Ndf3 b6 10. h3 Bb7 11. a4 0-0 12. 0-0 Ne4 1/2-1/2

[Event "Bogota Mayores Alcaldia op 8th"]
[Site "Bogota"]
[Date "2018.06.09"]
[Round "2"]
[White "Bautista, Luis Fernando"]
[Black "Rativa Jimenez, Laura Milena"]
[Result "0-1"]
[WhiteElo "1600"]
[BlackElo "1451"]
[PlyCount "32"]
[EventDate "2018.06.08"]
[EventType "swiss"]
[EventRounds "7"]
[EventCountry "COL"]
[SourceTitle "CBM 184 Extra"]
[Source "ChessBase"]
[SourceDate "2018.06.28"]
[SourceVersion "1"]
[SourceVersionDate "2018.06.28"]
[SourceQuality "1"]

1. d4 d5 2. c4 e6 3. Nc3 Nf6 4. Nf3 Be7 5. e3 0-0 6. cxd5 exd5 7. Bd3 Nbd7 8. 0-0 c5 9. dxc5 Nxc5 10. Bc2 h6 11. h3 Bd6 12. Nd4 Re8 13. Re1 a6 14. Bd2 Nce4 15. Rc1 Qb6 16. b3 Be6 0-1